Biblioteca

La otra raya del tigre / Pedro Gomez Valderrama (Registro nro. 48955)

Detalles MARC
000 -LÍDER
Campo fijo de descripción fija 003450000a22001330004500
020 ## - NÚMERO INTERNACIONAL NORMALIZADO PARA LIBROS
Número Internacional Normalizado del libro 84-8280-399-9
082 04 - NÚMERO DE CLASIFICACIÓN DECIMAL DEWEY
Número de clasificación G633o
001 - NÚMERO DE CONTROL
Campo de control 1798
100 1# - ASIENTO PRINCIPAL--NOMBRE PERSONAL
Nombre personal Gomez Valderrama, Pedro
245 10 - TÍTULO
Título del Material La otra raya del tigre / Pedro Gomez Valderrama
260 ## - PUBLICACIÓN, DISTRIBUCIÓN, ETC. (PIE DE IMPRENTA)
Lugar de publicación, distribución, etc. Bogota : Editorial la oveja negra Ltda.
300 ## - DESCRIPCIÓN FÍSICA
Extensión 291 P.
650 14 - ASIENTO SECUNDARIO DE MATERIA - TERMINO TEMÁTICO
Término temático o nombre geográfico como elemento de entrada Literatura Colombiana

No hay ítems disponibles.

Biblioteca FUSBC | Teléfono: (57+4) 349 88 10 Ext. 141| WhatsApp (+57) 3005338115 
E-mail: biblioteca@unisbc.edu.co | Calle 76 87-14 Robledo Palenque, Medellín, Colombia

Con tecnología Koha